000 01034nam a22002297a 4500
005 20080627101040.0
008 080627t xxu||||| |||| 00| 0 hin d
010 _aHIN-46177
020 _c120.00
035 _aHN-27431
037 _bDBAD
040 _adpl
_bHN
082 _aक / वागीश
100 _aवागीश कुमार सिंह
_91781
245 _aलक्ष्मण रेखा के आर-पार /
_cवागीश कुमार सिंह
246 _aLaksman rekhaa ke aar paar
_bby Vageesh Kumar Singh
260 _aबीकानेर
_bभारत ग्रंथ निकेतन
_c1999
270 _aदाऊजी मंदिर रोड़
_bबीकानेर
_e334005
_k(0151) 2542037
300 _a112पृ.
_c23सेमी. (सजिल्द)
942 _cHN
_2ddc
_h
_mवागीश
999 _c14039
_d14039